00000000nam 2200000za 4500
0019.635303
003CaOODSP
00520210624220206
007cr |||||||||||
008150407s2008    onc|||||o    f|0| 0 fre d
020 |a978-0-662-08846-2
040 |aCaOODSP|bfre
043 |an-cn---
0861 |aCH1-3/2008F-PDF
1101 |aCanada. |bPatrimoine canadien.
24510|aGuide des programmes d'appui financier de Patrimoine canadien, 2008-2009 |h[ressource électronique].
260 |bPatrimoine canadien, |a[Ottawa] : |cc2008.
300 |a98 p.
500 |aLe n° de catalogue (CH1-3/2008) et l'ISBN (978-0-662-05695-9) de l'édition imprimée bilingue ont été incorrectement copiés dans l'édition électronique.
590 |a09-17|b2009-04-24
69107|aPatrimoine|2gcpds
77508|tGuide to Canadian Heritage financial support programs, 2008/2009 |w(CaOODSP)9.690959
795 |tGuide des programmes d'appui financier de Patrimoine canadien |w(CaOODSP)9.634071
85640|ahttp://publications.gc.ca|qPDF|s1096 Ko|uhttps://publications.gc.ca/collections/collection_2009/pc-ch/CH1-3-2008F.pdf